Construcción (Registro nro. 3603)

Detalles MARC
000 -LEADER
fixed length control field 01635 a2200253 4500
001 - CONTROL NUMBER
control field 42328
005 - DATE AND TIME OF LATEST TRANSACTION
control field 20260407155713.0
008 - FIXED-LENGTH DATA ELEMENTS--GENERAL INFORMATION
fixed length control field 260407a2013 arg spa d
003 - CONTROL NUMBER IDENTIFIER
control field AR-UNSa-BCEJYS
040 ## - CATALOGING SOURCE
Original cataloging agency AR-UNSa-BCEJYS
Language of cataloging spa
Transcribing agency AR-UNSa-BCEJYS
080 ## - UNIVERSAL DECIMAL CLASSIFICATION NUMBER
Universal Decimal Classification number 336.226.4:624
Common auxiliary subdivision Impuestos a la construcción
020 ## - INTERNATIONAL STANDARD BOOK NUMBER
International Standard Book Number 978-987-01-1566-3
041 ## - LANGUAGE CODE
Language code of text/sound track or separate title spa
100 1# - MAIN ENTRY--PERSONAL NAME
Personal name Balán, Osvaldo
245 10 - TITLE STATEMENT
Title Construcción
Name of part/section of a work IVA, ganancias, ITI, ingresos brutos, fideicomisos
250 ## - EDITION STATEMENT
Edition statement 3a. ed.
264 #1 - PRODUCTION, PUBLICATION, DISTRIBUTION, MANUFACTURE, AND COPYRIGHT NOTICE
Place of production, publication, distribution, manufacture Buenos Aires :
Name of producer, publisher, distributor, manufacturer Errepar
Date of production, publication, distribution, manufacture, or copyright notice 2013
300 ## - PHYSICAL DESCRIPTION
Extent xxi, 440 p.
Dimensions 27 cm.
505 ## - FORMATTED CONTENTS NOTE
Formatted contents note 1. Terminología de la construcción - 2. Obras sobre inmueble propio. Objeto y sujeto - 3. Obras sobre inmueble propio. Nacimiento del hecho imponible y base imponible - 4. Obras sobre inmuebles de terceros - 5. La reducción de la tasa para viviendas - 6. Exenciones - 7. El IVA y los alquileres de inmuebles - 8. Operaciones con inmuebles en el impuesto a las ganancias y en el ITI - 9. Impuesto a las ganancias. Construcciones, reconstrucciones y reparaciones para terceros - 10. Impuesto a la ganancia mínima presunta - 11. Ciuddad Autónoma de Buenos Aires - 12. Provincia de Buenos Aires - 13. Provincia de Córdoba - 14. Provincia de Santa Fe - 15. Provincia de Mendoza - 16. Convenio multilateral - 17. Regímenes de información - 18. Misceláneas. Otros temas que requieren atención - 19. Práctica de inspección - 20. Fideicomiso
590 ## - LOCAL NOTE (RLIN)
Local note niveau_biblio:m niveau_hierar:0
700 1# - ADDED ENTRY--PERSONAL NAME
Personal name Zilli, Osvaldo M.
856 41 - ELECTRONIC LOCATION AND ACCESS
Uniform Resource Identifier <a href="https://biblioeco.unsa.edu.ar/pmb/images/libros/L126495.jpg">https://biblioeco.unsa.edu.ar/pmb/images/libros/L126495.jpg</a>
Link text Imagen de portada
Electronic format type image/jpeg
942 ## - ADDED ENTRY ELEMENTS (KOHA)
Koha item type
Existencias
Withdrawn status Lost status Damaged status Not for loan Home library Current library Shelving location Date acquired Total checkouts Full call number Barcode Date last seen Price effective from Koha item type
        Biblioteca Prof. Eusebio Cleto del Rey Biblioteca Prof. Eusebio Cleto del Rey   07/04/2026   336.226.4:624 B171 3ed. L126495 07/04/2026 07/04/2026 Libro
        Biblioteca Prof. Eusebio Cleto del Rey Biblioteca Prof. Eusebio Cleto del Rey   07/04/2026   336.226.4:624 B171 3ed. L126496 07/04/2026 07/04/2026 Libro
        Biblioteca Prof. Eusebio Cleto del Rey Biblioteca Prof. Eusebio Cleto del Rey   07/04/2026   336.226.4:624 B171 3ed. L126497 07/04/2026 07/04/2026 Libro
        Biblioteca Prof. Eusebio Cleto del Rey Biblioteca Prof. Eusebio Cleto del Rey   07/04/2026   336.226.4:624 B171 3ed. L126498 07/04/2026 07/04/2026 Libro
        Biblioteca Prof. Eusebio Cleto del Rey Biblioteca Prof. Eusebio Cleto del Rey   07/04/2026   336.226.4:624 B171 3ed. L126499 07/04/2026 07/04/2026 Libro